| 000 | 01352nam a2200361 c 4500 | ||
|---|---|---|---|
| 003 | BLK | ||
| 005 | 20250610102009.0 | ||
| 008 | 180413b bul|||||r ||||||| ||bul|| | ||
| 010 | _aKNG00019368000 | ||
| 020 |
_a954-799-814-5 _bиздат.: Изд. авт. |
||
| 040 | _aBLK | ||
| 041 |
_aBUL _cBUL |
||
| 072 | 7 |
_2bullib _aЯ _xАвтографи |
|
| 080 |
_aБългарска литература _b821.163.2 _x-054.7-4 _z821.163.2-054.7-4 |
||
| 080 |
_aБългарска литература _b821.163.2 _x-054.7-32 _z821.163.2-054.7-32 |
||
| 100 | 1 |
_aЧеков, Божидар _eпърви автор _9261981 |
|
| 139 |
_aЧеков, Божидар _bЧ 50 |
||
| 245 | 1 | 0 |
_aСтрелецът от Айфеловата кула _b[Публицистика] _cБожидар Чеков. |
| 257 | _aBGR | ||
| 260 |
_аСофия _bИзд. авт. _c1997 _fРусе : Дунав прес |
||
| 300 |
_a158 с. _bс цв. ил., 1 л. ил. _c24 см |
||
| 380 | _aX | ||
| 500 | _aОфс. изд. - 2 000 тир. | ||
| 653 | _aпублицистика | ||
| 653 | _aразкази | ||
| 659 | _aЯ | ||
| 852 | _aЦб 194507 | ||
| 856 | 4 |
_qpdf _u |
|
| 856 | 4 |
_qpdf _u |
|
| 942 |
_cKNG _n0 _01 |
||
| 944 |
_aCR _c15.01.2003 _lРусанова Ирена _k30542 |
||
| 944 |
_aED _c03.01.2017 _lф / _kЛюдмила_Стоянова |
||
| 999 |
_c17425 _d17425 |
||